000 00707nam a2200241Ia 4500
003 OSt
005 20220925204900.0
006 a|||||r|||| 00| 0
007 ta
008 220923b |||||||| |||| 00| 0 eng d
037 _cGeneral Book
040 _aRTL
_cRTL
_beng
041 _2eng
_aeng
082 _aY:2, L5
100 _aWatts Elizabeth S et al... Ed.
_9269199
245 0 _aBiosocial interrelations in population adaptation.
260 _aHague
_bMouton
_c1975
300 _axi,412p
_ccm.
490 _aWorld Anthropology. Ed by Sol Tax
500 _aBibliography chapterwise
942 _hY:2, L5
_cGB
_2CC
999 _c550670
_d550670